Countries with the Most Liechtensteiners - Statistics

General Stats
  • This quiz has been taken 464 times
  • The average score is 12 of 15
Answer Stats
# of Liechtensteiners Country % Correct
157 Germany
98%
670 Austria
97%
1,688 Switzerland
97%
14 Italy
95%
54 France
94%
62 United States
94%
27,259 Liechtenstein
91%
30 Spain
89%
30 United Kingdom
89%
56 Canada
84%
10 Australia
70%
11 Sweden
61%
22 Brazil
53%
16 Argentina
45%
19 South Africa
28%
No matching quizzes found
Score Distribution
Percent of People with Each Score
Percentile by Number Answered
Your Score History
You have not taken this quiz